000 00311nam a22001337a 4500
999 _c11203
_d11203
003 OSt
008 220511b ||||| |||| 00| 0 eng d
100 _aBALUJA,G.S.
245 _aData Structures through C
250 _aRep
260 _aNew Delhi
_bDhanpat Rai & Co
_c2012
300 _a651
942 _2ddc
_cBK
_04